000 00285nam a22001217a 4500
008 260424b |||||||| |||| 00| 0 eng d
082 _a001064
100 _aNarayanachar, K S
245 _aVyasasukthisudha
260 _aHubli
_bSahitya Prakashana
_c2016
300 _a152p
942 _2ddc
999 _c1304
_d1304